[Event "XXXI Corsicoscacchi FIDE"]
[Site "Corsico ITA"]
[Date "2004.10.03"]
[Round "3"]
[White "Sbarra, Marco"]
[Black "Berni, Giorgio"]
[Result "0-1"]
[WhiteElo "2231"]
[BlackElo "2238"]
[PlyCount "106"]
[EventDate "2004.10.02"]

1. d4 d5 2. c4 e6 3. Nc3 Nf6 4. Bg5 Nbd7 5. e3 c6 6. cxd5 exd5 7. Bd3 Be7 8.
Qc2 Nh5 9. Bxe7 Qxe7 10. O-O-O g6 11. Nf3 Nb6 12. h3 Ng7 13. Rhe1 Be6 14. Kb1
O-O-O 15. Na4 Nxa4 16. Qxa4 Kb8 17. Rc1 Bf5 18. Qc2 Rc8 19. Nd2 Rhe8 20. Nb3 b6
21. f3 Bxd3 22. Qxd3 Qd6 23. e4 dxe4 24. Rxe4 Ne6 25. Qc4 Red8 26. Rce1 Rd7 27.
Qc1 Kb7 28. Qe3 Qf8 29. f4 Rd5 30. Re5 Rcd8 31. Rxd5 Rxd5 32. g4 Qd6 33. f5
gxf5 34. gxf5 Rxf5 35. Qh6 Qg3 36. Qe3 Qg6 37. Kc1 Qf6 38. Qe4 h5 39. Rd1 Rd5
40. h4 Qf5 41. Qe3 Qf6 42. Qe4 a5 43. a4 Qf5 44. Qe3 Rd7 45. Rd3 Nf4 46. Rd2
Nd5 47. Qf2 Qh3 48. Na1 f5 49. Nc2 f4 50. Ne1 Qb3 51. Nd3 Rg7 52. Qh2 Qxa4 53.
Ne5 Ne3 0-1

[Event "XXXI Corsicoscacchi FIDE"]
[Site "Corsico ITA"]
[Date "2004.10.03"]
[Round "4"]
[White "Di Fonzo, Valerio"]
[Black "Lapiccirella, Mattia"]
[Result "1/2-1/2"]
[WhiteElo "2209"]
[BlackElo "2236"]
[PlyCount "37"]
[EventDate "2004.10.02"]

1. e4 c5 2. Nf3 Nc6 3. d4 cxd4 4. Nxd4 Nf6 5. Nc3 d6 6. Bg5 e6 7. Qd2 a6 8.
O-O-O Nxd4 9. Qxd4 Be7 10. h4 b5 11. f3 Bb7 12. Kb1 Qa5 13. e5 dxe5 14. Qxe5 h6
15. Be3 Rc8 16. Be2 Qc7 17. Qxc7 Rxc7 18. Bf4 Rc8 19. Be5 1/2-1/2

[Event "XXXI Corsicoscacchi FIDE"]
[Site "Corsico ITA"]
[Date "2004.10.03"]
[Round "4"]
[White "Sbarra, Marco"]
[Black "Pace, Pietro Dario"]
[Result "0-1"]
[WhiteElo "2231"]
[BlackElo "2130"]
[PlyCount "116"]
[EventDate "2004.10.02"]

1. e4 e5 2. Nf3 Nc6 3. Bb5 a6 4. Ba4 Nf6 5. O-O b5 6. Bb3 Bc5 7. Nxe5 Nxe5 8.
d4 Bxd4 9. Qxd4 d6 10. f4 c5 11. Qd2 c4 12. fxe5 Qb6+ 13. Kh1 dxe5 14. Nc3 Bb7
15. Bxc4 bxc4 16. Qe2 Qe6 17. Bg5 Nd7 18. Rad1 f6 19. Qh5+ g6 20. Qh6 fxg5 21.
Qxg5 Rf8 22. Qh4 Rxf1+ 23. Rxf1 Qe7 24. Qf2 O-O-O 25. Rd1 Qf6 26. Qe3 Qb6 27.
Qe2 Qc5 28. Qg4 Qb6 29. Qe2 Qc7 30. Qg4 Kb8 31. Qe6 Nb6 32. Rxd8+ Qxd8 33.
Qxe5+ Ka7 34. h3 Qd2 35. a4 Nd7 36. Qc7 Qc1+ 37. Kh2 Qxb2 38. Qxc4 Qb6 39. Qd3
Ne5 40. a5 Qxa5 41. Qd4+ Kb8 42. Nd5 Bxd5 43. exd5 Nd7 44. Qh8+ Kc7 45. c4 Qc5
46. Qxh7 a5 47. h4 Qxc4 48. d6+ Kc6 49. Qxg6 Qxh4+ 50. Kg1 Qd4+ 51. Kf1 Qf6+
52. Qxf6 Nxf6 53. Ke2 Kxd6 54. Kd3 Kc5 55. Kc3 a4 56. Kb2 Kb4 57. Ka2 a3 58. g3
Ng4 0-1

[Event "XXXI Corsicoscacchi FIDE"]
[Site "Corsico ITA"]
[Date "2004.10.03"]
[Round "4"]
[White "Vancini, Edoardo"]
[Black "Molina, Fabrizio"]
[Result "0-1"]
[WhiteElo "2288"]
[BlackElo "2257"]
[PlyCount "78"]
[EventDate "2004.10.02"]

1. c4 c5 2. Nc3 Nc6 3. Nf3 g6 4. e3 Nf6 5. d4 cxd4 6. exd4 d5 7. Bg5 Ne4 8.
cxd5 Nxc3 9. bxc3 Qxd5 10. Be2 Bg7 11. O-O h6 12. Be3 O-O 13. c4 Qe4 14. Qd2
Rd8 15. Rad1 Bf5 16. d5 g5 17. Qe1 Ne5 18. Nd4 Bg6 19. Qb4 Rac8 20. Qb3 b6 21.
f3 Qh4 22. Bf2 Qf4 23. Bg3 Qf6 24. f4 Nd7 25. Qe3 gxf4 26. Bxf4 Qh4 27. Nc6 Re8
28. Nxa7 Ra8 29. Nb5 Rxa2 30. Nd4 Rea8 31. Rf3 R8a3 32. Qc1 Bxd4+ 33. Rxd4 Ra1
34. Rxa3 Rxc1+ 35. Bf1 Qf6 36. Bxc1 Qxd4+ 37. Be3 Qd1 38. Bxh6 Ne5 39. Bf4 Bd3
0-1

[Event "XXXI Corsicoscacchi FIDE"]
[Site "Corsico ITA"]
[Date "2004.10.09"]
[Round "5"]
[White "Lapiccirella, Mattia"]
[Black "Sbarra, Marco"]
[Result "1/2-1/2"]
[WhiteElo "2236"]
[BlackElo "2231"]
[PlyCount "178"]
[EventDate "2004.10.02"]

1. d4 d5 2. c4 e6 3. Nf3 c5 4. cxd5 exd5 5. e3 Nc6 6. Be2 Nf6 7. O-O Bd6 8.
dxc5 Bxc5 9. Nc3 O-O 10. a3 a6 11. b4 Ba7 12. Bb2 Be6 13. Rc1 Qd6 14. Na4 Ne4
15. Nd4 Bb8 16. f4 Ba7 17. Qd3 Rac8 18. Bf3 b5 19. Nxc6 Rxc6 20. Rxc6 Qxc6 21.
Rc1 Qd7 22. Nc5 Nxc5 23. bxc5 Rc8 24. Bd4 Rc6 25. e4 dxe4 26. Bxe4 Rc7 27.
Bxh7+ Kh8 28. Be4 f5 29. Bf3 Bxc5 30. Rd1 Bxd4+ 31. Qxd4 Qxd4+ 32. Rxd4 a5 33.
Rd6 Bc4 34. Rb6 Rd7 35. Rb8+ Kh7 36. Bc6 Rd1+ 37. Kf2 Rd2+ 38. Kg3 Rd3+ 39. Kh4
Rxa3 40. Kg5 Bf7 41. Rxb5 Rc3 42. Bd7 Bg6 43. Rxa5 Rc2 44. g3 Rxh2 45. Bxf5
Bxf5 46. Rxf5 Rg2 47. g4 Rg1 48. Rf7 Ra1 49. Re7 Rb1 50. f5 Rf1 51. Rf7 Ra1 52.
Re7 Rf1 53. Re8 Rg1 54. Rf8 Rh1 55. Rf7 Ra1 56. Rb7 Rf1 57. Rb3 Ra1 58. Re3 Rg1
59. Rh3+ Kg8 60. Kf4 Ra1 61. Re3 Kf7 62. g5 Rf1+ 63. Rf3 Ra1 64. Rd3 Rf1+ 65.
Ke4 Re1+ 66. Re3 Rg1 67. Kf4 Rf1+ 68. Ke4 Ra1 69. Ke5 Ra5+ 70. Kf4 Ra4+ 71. Re4
Ra1 72. g6+ Kf8 73. Re5 Ra4+ 74. Re4 Ra1 75. Rc4 Rf1+ 76. Ke5 Re1+ 77. Re4 Ra1
78. Kd5 Ra5+ 79. Kd6 Ra6+ 80. Ke5 Ra5+ 81. Kf4 Ra1 82. Re5 Ra4+ 83. Kg5 Ra1 84.
Re3 Rg1+ 85. Kf4 Ra1 86. Rc3 Rf1+ 87. Ke5 Re1+ 88. Kd6 Rd1+ 89. Ke5 Re1+
1/2-1/2

[Event "XXXI Corsicoscacchi FIDE"]
[Site "Corsico ITA"]
[Date "2004.10.09"]
[Round "5"]
[White "Pace, Pietro Dario"]
[Black "Berni, Giorgio"]
[Result "1/2-1/2"]
[WhiteElo "2130"]
[BlackElo "2238"]
[PlyCount "40"]
[EventDate "2004.10.02"]

1. e4 c5 2. b3 e6 3. Nf3 d6 4. Bb2 Nf6 5. Bb5+ Bd7 6. Bxd7+ Nbxd7 7. Qe2 e5 8.
O-O g6 9. c3 Bg7 10. d4 O-O 11. dxe5 dxe5 12. Nbd2 Qc7 13. Rfd1 Rad8 14. Nf1
Qc6 15. Ng3 Bh6 16. a4 Bf4 17. Nd2 h5 18. h3 h4 19. Ngf1 Nh5 20. Nc4 Qf6
1/2-1/2

[Event "XXXI Corsicoscacchi FIDE"]
[Site "Corsico ITA"]
[Date "2004.10.09"]
[Round "5"]
[White "Zanetti, Alberto"]
[Black "Vancini, Edoardo"]
[Result "1-0"]
[WhiteElo "2210"]
[BlackElo "2288"]
[PlyCount "201"]
[EventDate "2004.10.02"]

1. c4 e5 2. Nc3 Nc6 3. g3 f5 4. Bg2 Nf6 5. a3 g6 6. d3 Bg7 7. e3 O-O 8. Nge2 d6
9. b4 Be6 10. Nd5 e4 11. Bb2 Nxd5 12. Bxg7 Nxe3 13. fxe3 Kxg7 14. Nf4 Qf6 15.
O-O exd3 16. Rc1 Rae8 17. Qxd3 Bc8 18. c5 Ne5 19. Qd2 dxc5 20. Rxc5 c6 21. e4
b6 22. Rcc1 Ba6 23. Rfd1 Nc4 24. Qa2 Ne3 25. Rd7+ Kh8 26. Rxa7 Nxg2 27. Kxg2 g5
28. Nh5 Qe5 29. Qc2 Bc8 30. Qxc6 fxe4 31. Qc7 Bf5 32. g4 Bg6 33. Qxe5+ Rxe5 34.
Ng3 e3 35. Rf1 Rf4 36. h3 Kg8 37. Rc7 Bd3 38. Re1 Rf2+ 39. Kg1 Rd2 40. Rc3 b5
41. Nf1 Bxf1 42. Kxf1 Rf2+ 43. Kg1 Rf3 44. Kg2 Rf2+ 45. Kg3 Rd5 46. Rexe3 Rfd2
47. Kf3 h6 48. Rc7 Kf8 49. Rce7 Rh2 50. Ke4 Rhd2 51. Re5 R2d4+ 52. Kf5 Kf7 53.
Rxd5 Rxd5+ 54. Ke4 Ke6 55. Rc3 Re5+ 56. Kd3 Kd6 57. Kc2 Re2+ 58. Kb3 Re1 59.
Kc2 Re2+ 60. Kd3 Re1 61. Kd4 Rd1+ 62. Ke4 Rf1 63. Rc5 Re1+ 64. Kf5 Re3 65. Rxb5
Kc6 66. Ra5 Rxh3 67. Kg6 Rh4 68. Kf5 h5 69. gxh5 Rxh5 70. Kg4 Rh1 71. Kxg5 Rf1
72. Kg4 Rf2 73. Kg3 Rf1 74. a4 Kb6 75. Rh5 Kc6 76. b5+ Kb6 77. Rh6+ Kc5 78.
Rc6+ Kb4 79. Ra6 Kc5 80. Kg4 Rf2 81. Kg5 Rf1 82. Rf6 Rg1+ 83. Kf4 Rf1+ 84. Ke5
Re1+ 85. Kf5 Kd5 86. Kg6 Re4 87. Rf5+ Kd6 88. Rf6+ Kc5 89. Ra6 Rf4 90. b6 Rb4
91. a5 Kc6 92. Ra7 Rb1 93. Kf6 Kd6 94. Kf7 Re1 95. a6 Rf1+ 96. Ke8 Re1+ 97. Kd8
Rh1 98. Re7 Kc6 99. b7 Rd1+ 100. Kc8 Rh1 101. Rc7+ 1-0

[Event "XXXI Corsicoscacchi FIDE"]
[Site "Corsico ITA"]
[Date "2004.10.09"]
[Round "6"]
[White "Berni, Giorgio"]
[Black "Vancini, Edoardo"]
[Result "0-1"]
[WhiteElo "2238"]
[BlackElo "2288"]
[PlyCount "86"]
[EventDate "2004.10.02"]

1. e4 c5 2. Nf3 e6 3. d4 cxd4 4. Nxd4 Nc6 5. Nb5 d6 6. Bf4 e5 7. Be3 a6 8. N5c3
Nf6 9. Bg5 Be7 10. Bxf6 Bxf6 11. Nd2 Be6 12. Nc4 Nd4 13. Bd3 Bg5 14. Ne2 Nc6
15. O-O d5 16. exd5 Bxd5 17. f4 Bf6 18. fxe5 Nxe5 19. Nxe5 Bxe5 20. Nf4 Bc6 21.
Kh1 Qd6 22. Qg4 h5 23. Nxh5 g6 24. Nf4 f5 25. Qg5 Kd7 26. Bxf5+ Kc7 27. Rad1
Bxf4 28. Qxf4 Qxf4 29. Rxf4 gxf5 30. Rxf5 Rh6 31. Kg1 Rah8 32. Rf7+ Kb6 33. h3
Rg8 34. Rd2 Rxh3 35. Rf6 Rh4 36. b3 Rhg4 37. Rff2 Kc5 38. a3 Re8 39. Rf5+ Kb6
40. Kh2 Re3 41. Kg1 Reg3 42. Rff2 a5 43. a4 Kc5 0-1

[Event "XXXI Corsicoscacchi FIDE"]
[Site "Corsico ITA"]
[Date "2004.10.09"]
[Round "6"]
[White "Pace, Pietro Dario"]
[Black "Lapiccirella, Mattia"]
[Result "1-0"]
[WhiteElo "2130"]
[BlackElo "2236"]
[PlyCount "103"]
[EventDate "2004.10.02"]

1. e4 c5 2. Nf3 Nc6 3. d4 cxd4 4. Nxd4 Nf6 5. Nc3 d6 6. Bg5 e6 7. Qd2 a6 8.
O-O-O Nxd4 9. Qxd4 Be7 10. f4 b5 11. Bxf6 gxf6 12. Be2 Bb7 13. Bf3 Qc7 14. f5
h5 15. Kb1 Qc5 16. Qd3 Bc6 17. Ne2 e5 18. Nc3 Rc8 19. Qe2 h4 20. Nd5 Bxd5 21.
Rxd5 Qc4 22. Qf2 Qc6 23. Rhd1 Kd7 24. c3 Kc7 25. Be2 Qb6 26. Qf3 Kb7 27. b4 Rc6
28. Kb2 Rhc8 29. Rc1 Bf8 30. Rc2 Bh6 31. Rd3 R8c7 32. Bd1 Qg1 33. Rf2 Qxh2 34.
Bb3 Qf4 35. Qxf4 Bxf4 36. Bd5 Kb6 37. Bxc6 Rxc6 38. Kb3 Kc7 39. a4 Rc4 40. Re2
Bg5 41. Re1 Bh6 42. axb5 axb5 43. Kc2 Bf8 44. Rd5 Kb6 45. Kd3 Rc8 46. Rh1 Be7
47. Rxh4 Rg8 48. Rh7 Rg3+ 49. Kc2 Rxg2+ 50. Rd2 Rg8 51. Rxf7 Re8 52. Rxe7 1-0

[Event "XXXI Corsicoscacchi FIDE"]
[Site "Corsico ITA"]
[Date "2004.10.09"]
[Round "6"]
[White "Sbarra, Marco"]
[Black "Molina, Fabrizio"]
[Result "1/2-1/2"]
[WhiteElo "2231"]
[BlackElo "2257"]
[PlyCount "24"]
[EventDate "2004.10.02"]

1. d4 e6 2. c4 d5 3. Nc3 c5 4. cxd5 exd5 5. Nf3 Nc6 6. dxc5 Bxc5 7. Qxd5 Qb6 8.
Ne4 Bb4+ 9. Bd2 Be6 10. Qg5 Bxd2+ 11. Qxd2 Rd8 12. Qc3 Qb4 1/2-1/2

[Event "XXXI Corsicoscacchi FIDE"]
[Site "Corsico ITA"]
[Date "2004.10.10"]
[Round "7"]
[White "Lapiccirella, Mattia"]
[Black "Berni, Giorgio"]
[Result "1/2-1/2"]
[WhiteElo "2236"]
[BlackElo "2238"]
[PlyCount "81"]
[EventDate "2004.10.02"]

1. d4 Nf6 2. c4 c5 3. d5 d6 4. Nc3 g6 5. e4 Bg7 6. Bd3 O-O 7. h3 e6 8. Nf3 exd5
9. cxd5 b5 10. Bxb5 Nxe4 11. Nxe4 Qa5+ 12. Nfd2 Qxb5 13. Nxd6 Qd3 14. N2c4
Qxd1+ 15. Kxd1 Ba6 16. Re1 Nd7 17. Bg5 Nf6 18. Bxf6 Bxf6 19. Kc2 Rfd8 20. Rad1
Bd4 21. Rd2 Rd7 22. b4 Rad8 23. b5 Bb7 24. Nxb7 Rxb7 25. a4 Rxd5 26. Na5 Rbd7
27. Nc6 R5d6 28. Red1 a6 29. Kb3 axb5 30. axb5 Rxc6 31. Rxd4 cxd4 32. bxc6 Rc7
33. Rc1 d3 34. Rc4 Kf8 35. Kc3 Ke7 36. Kxd3 Kd6 37. Ke4 f6 38. g4 Rxc6 39.
Rxc6+ Kxc6 40. h4 Kd6 41. f4 1/2-1/2

[Event "XXXI Corsicoscacchi FIDE"]
[Site "Corsico ITA"]
[Date "2004.10.10"]
[Round "7"]
[White "Molina, Fabrizio"]
[Black "Pace, Pietro Dario"]
[Result "1-0"]
[WhiteElo "2257"]
[BlackElo "2130"]
[PlyCount "73"]
[EventDate "2004.10.02"]

1. c4 e5 2. g3 Nc6 3. Bg2 Nf6 4. Nc3 Bc5 5. e3 O-O 6. Nge2 Re8 7. a3 a6 8. O-O
d6 9. b4 Ba7 10. Bb2 Ne7 11. d4 c6 12. Qb3 Ng6 13. Qc2 Qe7 14. Ne4 Nxe4 15.
Qxe4 f5 16. Qd3 e4 17. Qc3 Be6 18. Kh1 b5 19. c5 dxc5 20. dxc5 Bc4 21. Nd4 Bxf1
22. Rxf1 Qf6 23. Nxf5 Qxc3 24. Bxc3 Ne5 25. Bxe4 g6 26. Nd6 Re6 27. Bxe5 Rxe5
28. Bxc6 Rd8 29. e4 Kg7 30. f4 Re7 31. e5 Bb8 32. Rd1 Rf8 33. Kg2 Bc7 34. Ne8+
Kh6 35. Nf6 Kg7 36. Nd5 Re6 37. Bd7 1-0

[Event "XXXI Corsicoscacchi FIDE"]
[Site "Corsico ITA"]
[Date "2004.10.10"]
[Round "7"]
[White "Zanetti, Alberto"]
[Black "Sbarra, Marco"]
[Result "1-0"]
[WhiteElo "2210"]
[BlackElo "2231"]
[PlyCount "77"]
[EventDate "2004.10.02"]

1. c4 e6 2. e4 d5 3. exd5 exd5 4. d4 Nf6 5. Nc3 Be7 6. Nf3 O-O 7. Bd3 Nc6 8. a3
Bg4 9. Be3 Qd7 10. c5 Bxc5 11. Bb5 Bd6 12. h3 Be6 13. Ne5 Bxe5 14. dxe5 Ne4 15.
Nxe4 dxe4 16. Qxd7 Bxd7 17. O-O-O Rad8 18. Bg5 f6 19. exf6 gxf6 20. Bxc6 Bxc6
21. Rxd8 Rxd8 22. Bxf6 Rd6 23. Be5 Rg6 24. Rg1 Bb5 25. g3 Re6 26. Bf4 c5 27.
Rd1 Bd3 28. Kd2 Rb6 29. Be5 Rh6 30. h4 Rh5 31. Bf4 c4 32. Bg5 h6 33. g4 Rxg5
34. hxg5 hxg5 35. Rh1 Kg7 36. Rh5 Kf6 37. Ke3 b5 38. Rh6+ Ke5 39. Rg6 1-0

[Event "XXXI Corsicoscacchi A"]
[Site "Corsico ITA"]
[Date "2004.10.02"]
[Round "1"]
[White "Bonazzi, Edoardo"]
[Black "Molteni, Costantino"]
[Result "1-0"]
[WhiteElo "2127"]
[BlackElo "1965"]
[PlyCount "79"]
[EventDate "2004.10.02"]

1. Nf3 Nf6 2. c4 c5 3. g3 g6 4. Nc3 Nc6 5. Bg2 Bg7 6. O-O O-O 7. d4 d6 8. dxc5
dxc5 9. Be3 Be6 10. Qa4 Nd7 11. Nd5 Nb6 12. Qb5 Nxc4 13. Qxc4 Qxd5 14. Qxc5
Qxc5 15. Bxc5 Rfd8 16. Ng5 Bd5 17. Ne4 Rac8 18. Rfd1 h6 19. Rxd5 Rxd5 20. Nf6+
Bxf6 21. Bxd5 b6 22. Be3 e6 23. Be4 Bxb2 24. Rd1 Bg7 25. Rd7 Kf8 26. Bxc6 Rxc6
27. Rxa7 b5 28. Ra5 Rc2 29. a3 Rxe2 30. Rxb5 Ra2 31. Bc5+ Kg8 32. Rb8+ Kh7 33.
Rb7 Kg8 34. Ra7 Bb2 35. a4 Bc3 36. Bb6 Kg7 37. a5 e5 38. Kf1 e4 39. a6 h5 40.
Ra8 1-0

[Event "XXXI Corsicoscacchi A"]
[Site "Corsico ITA"]
[Date "2004.10.02"]
[Round "1"]
[White "Brugo, Marco"]
[Black "Corti, Massimo"]
[Result "1-0"]
[WhiteElo "1907"]
[BlackElo "2071"]
[PlyCount "79"]
[EventDate "2004.10.02"]

1. d4 d5 2. c4 c6 3. Nf3 Nf6 4. Nc3 a6 5. c5 Nbd7 6. Bf4 Nh5 7. e3 Nxf4 8. exf4
Nf6 9. Bd3 Bg4 10. h3 Bxf3 11. Qxf3 g6 12. O-O Bg7 13. Rfe1 O-O 14. f5 Qc7 15.
fxg6 hxg6 16. Qe3 Rfe8 17. f4 Nh5 18. Ne2 e6 19. g4 Nf6 20. b4 Nd7 21. Qf3 b6
22. g5 a5 23. cxb6 Qxb6 24. b5 cxb5 25. Qf2 b4 26. a4 bxa3 27. Rxa3 Rec8 28.
Rb1 Qd6 29. Rba1 Qc7 30. Bb5 Nb8 31. Qe1 Qb6 32. Rxa5 Rxa5 33. Qxa5 Bxd4+ 34.
Kf1 Bc5 35. Qxb6 Bxb6 36. Ra8 Kf8 37. Nc3 Be3 38. Na4 Ke7 39. Ke2 Bxf4 40. Nb6
1-0

[Event "XXXI Corsicoscacchi A"]
[Site "Corsico ITA"]
[Date "2004.10.02"]
[Round "1"]
[White "D'Apa, Matteo"]
[Black "Cartella, Giovanni"]
[Result "1-0"]
[WhiteElo "1973"]
[BlackElo "1909"]
[PlyCount "69"]
[EventDate "2004.10.02"]

1. d4 d5 2. c4 c6 3. Nc3 e6 4. Nf3 Nf6 5. Bg5 Be7 6. e3 Nbd7 7. Bd3 dxc4 8.
Bxc4 h6 9. Bh4 O-O 10. O-O Re8 11. Qe2 Nd5 12. Bxe7 Nxc3 13. bxc3 Qxe7 14. Nd2
c5 15. e4 b6 16. e5 Bb7 17. Ne4 Red8 18. Nd6 Bc6 19. Bb5 Bxb5 20. Qxb5 cxd4 21.
cxd4 a6 22. Qc6 b5 23. a4 b4 24. a5 Nf8 25. Rfb1 Qd7 26. Qc4 Rdb8 27. Rxb4 Rxb4
28. Qxb4 Ng6 29. g3 Ne7 30. Rb1 Qc7 31. Qc5 Qxc5 32. dxc5 Nc6 33. Rb6 Nxe5 34.
c6 Nxc6 35. Rxc6 1-0

[Event "XXXI Corsicoscacchi A"]
[Site "Corsico ITA"]
[Date "2004.10.02"]
[Round "1"]
[White "Mastroddi, Emiliano"]
[Black "De Santis, Massimo"]
[Result "1/2-1/2"]
[WhiteElo "1985"]
[BlackElo "1961"]
[PlyCount "138"]
[EventDate "2004.10.02"]

1. c4 Nf6 2. Nc3 e6 3. Nf3 d5 4. g3 Be7 5. Bg2 O-O 6. O-O c5 7. cxd5 exd5 8. d4
Nc6 9. Bg5 cxd4 10. Nxd4 Re8 11. e3 Nxd4 12. Qxd4 Be6 13. Rfd1 h6 14. Bxf6 Bxf6
15. Qb4 a5 16. Qb5 Bxc3 17. bxc3 Qc7 18. Bxd5 Bxd5 19. Qxd5 Qxc3 20. Qxb7 Red8
21. Rac1 Rxd1+ 22. Rxd1 Qc2 23. Qb3 Qc7 24. Qd5 Rb8 25. Qd6 Qb7 26. Qd5 Qc7 27.
h4 a4 28. Rd4 Qc1+ 29. Kh2 a3 30. Rf4 Rf8 31. Qb3 g6 32. Ra4 Qf1 33. Rf4 Qc1
34. h5 g5 35. Rf5 Kg7 36. Qd5 Qb2 37. Qd4+ Qxd4 38. exd4 Rd8 39. Ra5 Rxd4 40.
Rxa3 Rd2 41. Kg2 g4 42. Ra5 Rb2 43. a4 Kf6 44. Ra6+ Kg5 45. Ra5+ Kf6 46. Rb5
Ra2 47. a5 Ra3 48. Kf1 Ra2 49. Ke1 Kg7 50. Rf5 Kf8 51. Rb5 Kg7 52. Rf5 Kf8 53.
Rd5 Kg7 54. Rd4 f5 55. Rd5 Kf6 56. Kf1 Kg5 57. Rb5 Kf6 58. Rb6+ Kg5 59. Ra6
Kxh5 60. Ra8 Kg5 61. a6 Kg6 62. a7 Kg7 63. Ke1 h5 64. Kf1 Kh7 65. Kg2 Kg7 66.
Kg1 Kh7 67. Rf8 Rxa7 68. Rxf5 Kg6 69. Rc5 Ra2 1/2-1/2

[Event "XXXI Corsicoscacchi A"]
[Site "Corsico ITA"]
[Date "2004.10.02"]
[Round "1"]
[White "Milan, Paolo"]
[Black "Vignoli, Matteo"]
[Result "0-1"]
[WhiteElo "1928"]
[BlackElo "1979"]
[PlyCount "112"]
[EventDate "2004.10.02"]

1. e4 e5 2. Nf3 Nc6 3. Bb5 a6 4. Ba4 Nf6 5. O-O Be7 6. Re1 b5 7. Bb3 O-O 8. c3
d5 9. d3 dxe4 10. dxe4 Qxd1 11. Bxd1 Bb7 12. a4 Nd7 13. Bc2 Bf6 14. Na3 b4 15.
Nc4 a5 16. Bg5 Bxg5 17. Nxg5 Nc5 18. Rad1 b3 19. Bb1 Nxa4 20. Rd7 Rac8 21. Nf3
Rfd8 22. Red1 Rxd7 23. Rxd7 f6 24. Ne3 Nb8 25. Re7 Nc6 26. Rd7 Nb8 27. Re7 Kf8
28. Nf5 g6 29. Rxh7 gxf5 30. Ng5 fxg5 31. exf5 Rd8 32. Rh8+ Ke7 33. f6+ Kxf6
34. Rxd8 Nc6 35. Rd2 Ne7 36. f3 Nf5 37. Kf2 Nd6 38. Kg3 Nc4 39. Rd8 Ncxb2 40.
Rf8+ Ke7 41. Rf5 Nc4 42. Rxg5 Nxc3 43. h4 Nxb1 44. h5 Nd6 45. Rxe5+ Kf6 46.
Rxa5 Nd2 47. Ra1 b2 48. Rd1 b1=Q 49. Rxb1 Nxb1 50. Kf4 c5 51. g4 Nf7 52. Ke3
Kg5 53. Kd3 Bd5 54. Kc2 Na3+ 55. Kb2 Nb5 56. Kc2 Bxf3 0-1

[Event "XXXI Corsicoscacchi A"]
[Site "Corsico ITA"]
[Date "2004.10.02"]
[Round "1"]
[White "Sartorio, Diego"]
[Black "Pelizzola, Danilo"]
[Result "0-1"]
[WhiteElo "1962"]
[BlackElo "2066"]
[PlyCount "82"]
[EventDate "2004.10.02"]

1. e4 c6 2. d4 d5 3. Nc3 dxe4 4. Nxe4 Bf5 5. Ng3 Bg6 6. Nf3 Nd7 7. h4 h6 8. h5
Bh7 9. Bd3 Bxd3 10. Qxd3 Ngf6 11. Ne4 e6 12. Bd2 Qc7 13. g3 Nxe4 14. Qxe4 O-O-O
15. O-O-O Nf6 16. Qe2 Bd6 17. Kb1 c5 18. c4 a6 19. Bc3 Rhe8 20. dxc5 Qxc5 21.
Bd4 Qf5+ 22. Qd3 Qxd3+ 23. Rxd3 Bc5 24. Rh4 e5 25. Bxc5 Rxd3 26. Be3 Rd1+ 27.
Kc2 Ra1 28. a3 e4 29. Nd4 Re5 30. g4 Rg1 31. f4 Rg2+ 32. Kc3 Re8 33. g5 Ng4 34.
Nf5 hxg5 35. fxg5 Nxe3 36. Nd6+ Kd7 37. Nxe8 Nd1+ 38. Kb3 Rxb2+ 39. Ka4 b6 40.
Nf6+ gxf6 41. Rh3 e3 0-1

[Event "XXXI Corsicoscacchi A"]
[Site "Corsico ITA"]
[Date "2004.10.02"]
[Round "2"]
[White "Brunelli, Giovanni"]
[Black "Brugo, Marco"]
[Result "1-0"]
[WhiteElo "1978"]
[BlackElo "1907"]
[PlyCount "81"]
[EventDate "2004.10.02"]

1. e4 e6 2. d4 d5 3. Nd2 Nf6 4. e5 Nfd7 5. f4 c5 6. c3 Nc6 7. Ndf3 Be7 8. Bd3
cxd4 9. Nxd4 Nc5 10. Bc2 Nxd4 11. Qxd4 g6 12. Nf3 b6 13. Be3 Ba6 14. O-O-O Qc7
15. Nd2 O-O-O 16. Rhe1 Bb5 17. g4 Nd3+ 18. Bxd3 Bc5 19. Bxb5 Bxd4 20. Bxd4 Kb7
21. f5 gxf5 22. gxf5 Rhg8 23. fxe6 fxe6 24. Nf3 Rdf8 25. Rf1 Qg7 26. h4 h6 27.
Rg1 Qf7 28. Rxg8 Rxg8 29. Rf1 Qf4+ 30. Kc2 Rg2+ 31. Kb3 Qe4 32. Ne1 Rg7 33. h5
Qg4 34. Nc2 Qxh5 35. Nb4 a5 36. Nc6 Kc7 37. Rf8 Rg2 38. Ne7 Qd1+ 39. Ka3 Qc2
40. Rc8+ Kb7 41. Bc6+ 1-0

[Event "XXXI Corsicoscacchi A"]
[Site "Corsico ITA"]
[Date "2004.10.02"]
[Round "2"]
[White "Carbone, Lorenzo"]
[Black "Mastroddi, Emiliano"]
[Result "0-1"]
[WhiteElo "1908"]
[BlackElo "1985"]
[PlyCount "80"]
[EventDate "2004.10.02"]

1. e4 c6 2. c4 d5 3. exd5 cxd5 4. cxd5 Nf6 5. Nc3 Nxd5 6. Bc4 Nb6 7. Bb3 Bd7 8.
Nf3 e6 9. O-O Be7 10. Ne5 Nc6 11. Nxd7 Qxd7 12. d3 Rd8 13. Qg4 Qd4 14. Qe4 Qxd3
15. Rd1 Qxe4 16. Rxd8+ Nxd8 17. Nxe4 Nc6 18. Be3 Nd5 19. Bd2 O-O 20. Rc1 Rd8
21. Bc3 Nxc3 22. Nxc3 Bf6 23. Kf1 Rd2 24. Rc2 Rxc2 25. Bxc2 Bxc3 26. bxc3 Kf8
27. Ke2 Ke7 28. Ke3 a6 29. Bb3 Kd6 30. f4 b6 31. g4 f6 32. h4 Ne7 33. c4 Nc6
34. Ke4 Na5 35. Kd4 Nxb3+ 36. axb3 a5 37. h5 Kc6 38. Kd3 Kc5 39. Kc3 e5 40.
fxe5 fxe5 0-1

[Event "XXXI Corsicoscacchi A"]
[Site "Corsico ITA"]
[Date "2004.10.02"]
[Round "2"]
[White "Cartella, Giovanni"]
[Black "Sartorio, Diego"]
[Result "1-0"]
[WhiteElo "1909"]
[BlackElo "1962"]
[PlyCount "75"]
[EventDate "2004.10.02"]

1. d4 d5 2. Nf3 e6 3. Bf4 Nf6 4. e3 Be7 5. Bd3 Nbd7 6. c3 Nh5 7. Be5 Nhf6 8.
Bg3 Bd6 9. Ne5 Bxe5 10. dxe5 Ng8 11. Qg4 g6 12. Bf4 Ne7 13. Nd2 c5 14. Nf3 Nc6
15. h4 Qc7 16. Qg3 Nf8 17. h5 Ne7 18. Bg5 Nf5 19. Qh3 Nd7 20. Bf6 Nxf6 21. exf6
Qb6 22. hxg6 fxg6 23. g4 Qxb2 24. O-O c4 25. gxf5 exf5 26. Qh6 Qxc3 27. Qg7 Qb4
28. Qxh8+ Qf8 29. f7+ Kxf7 30. Ng5+ Ke8 31. Qe5+ Qe7 32. Qxe7+ Kxe7 33. Be2 h6
34. Nf3 Be6 35. Nd4 Bf7 36. Rab1 b6 37. Bf3 Kd6 38. Rfc1 1-0

[Event "XXXI Corsicoscacchi A"]
[Site "Corsico ITA"]
[Date "2004.10.02"]
[Round "2"]
[White "Corti, Massimo"]
[Black "Bisignano, Giuseppe"]
[Result "1-0"]
[WhiteElo "2071"]
[BlackElo "1965"]
[PlyCount "95"]
[EventDate "2004.10.02"]

1. Nf3 Nf6 2. c4 c5 3. Nc3 Nc6 4. g3 g6 5. Bg2 Bg7 6. O-O O-O 7. d4 cxd4 8.
Nxd4 Ng4 9. e3 Nge5 10. b3 d6 11. h3 Nxd4 12. exd4 Nc6 13. Be3 e5 14. Ne2 e4
15. Bxe4 Bxh3 16. Re1 Bg4 17. Qd2 Re8 18. f3 a5 19. Bxc6 bxc6 20. fxg4 Qd7 21.
g5 Qh3 22. Bf4 c5 23. Rad1 Re4 24. dxc5 dxc5 25. Qd7 Qh5 26. Nc1 Bd4+ 27. Kg2
Rae8 28. Qxe8+ Rxe8 29. Rxe8+ Kg7 30. Rde1 Qg4 31. Nd3 Qf5 32. Nf2 Qd7 33. R8e2
a4 34. Ne4 axb3 35. axb3 Qb7 36. Rb1 f5 37. gxf6+ Bxf6 38. Kh2 Bd4 39. Nd6 Qf3
40. Re7+ Kg8 41. Rbe1 Bf6 42. Re8+ Kg7 43. Ne4 g5 44. Nxg5 Qf2+ 45. Kh3 Bxg5
46. Bxg5 Qf5+ 47. Kh4 h5 48. R1e7+ 1-0

[Event "XXXI Corsicoscacchi A"]
[Site "Corsico ITA"]
[Date "2004.10.02"]
[Round "2"]
[White "De Santis, Massimo"]
[Black "Olivo, Mario"]
[Result "1-0"]
[WhiteElo "1961"]
[BlackElo "1805"]
[PlyCount "93"]
[EventDate "2004.10.02"]

1. e4 c5 2. Nf3 d6 3. d4 cxd4 4. Nxd4 Nf6 5. Nc3 a6 6. Be2 e5 7. Nb3 Be7 8. O-O
O-O 9. Be3 Be6 10. f3 b5 11. Qd2 Nbd7 12. Rfd1 Nb6 13. Rac1 Nc4 14. Bxc4 Bxc4
15. Qf2 Nd7 16. Nd5 Bxd5 17. Rxd5 Qc7 18. Rcd1 f5 19. exf5 Rxf5 20. c3 Nf6 21.
Qd2 Rc8 22. Rd3 d5 23. Qe2 e4 24. fxe4 dxe4 25. R3d2 h6 26. Nd4 Rd5 27. Bf2 Qd7
28. Bh4 g5 29. Bg3 Rd8 30. h3 h5 31. Rf1 h4 32. Bh2 a5 33. a3 b4 34. axb4 axb4
35. Qa6 bxc3 36. bxc3 Kf7 37. Re2 Rxd4 38. cxd4 Qxd4+ 39. Kh1 e3 40. Bg1 Rd6
41. Qa2+ Kg7 42. Rxe3 Ne4 43. Qf7+ Kh6 44. Qxe7 Nf6 45. Qf8+ Kg6 46. Re7 Qd3
47. Rg7+ 1-0